[Event "Sofia MGU rapid 6th"]
[Site "Sofia"]
[Date "2017.12.09"]
[Round "5"]
[White "Todorov, Nikolay"]
[Black "Vassilev, Martin"]
[Result "1/2-1/2"]
[WhiteElo "2043"]
[BlackElo "1779"]
[PlyCount "103"]
[EventDate "2017.12.09"]
[EventType "swiss (rapid)"]
[EventRounds "6"]
[EventCountry "BUL"]
[SourceTitle "CBM 182 Extra"]
[Source "ChessBase"]
[SourceDate "2018.02.23"]
[SourceVersion "1"]
[SourceVersionDate "2018.02.23"]
[SourceQuality "1"]

1. c4 Nf6 2. Nf3 g6 3. d3 d5 4. cxd5 Nxd5 5. a3 Bg7 6. Qc2 0-0 7. e3 c6 8. Be2 e5 9. 0-0 Nd7 10. Nbd2 h6 11. Re1 Kh7 12. d4 Qe7 13. b4 Re8 14. dxe5 Nxe5 15. Bb2 Ng4 16. Bxg7 Kxg7 17. Bc4 Be6 18. h3 Ngf6 19. Nd4 Rac8 20. Nxe6+ fxe6 21. Nf3 e5 22. Rad1 e4 23. Nd4 c5 24. bxc5 Qxc5 25. Bxd5 Qxd5 26. Qa4 a6 27. Rc1 Nd7 28. Rxc8 Rxc8 29. Qb4 Nc5 30. Rc1 Kf7 31. Qc4 Qxc4 32. Rxc4 b5 33. Rc1 Ke7 34. Kf1 Kd6 35. Ke2 Rb8 36. f4 b4 37. axb4 Rxb4 38. g4 Rb2+ 39. Rc2 Rxc2+ 40. Nxc2 a5 41. Kd2 Nd3 42. h4 Nf2 43. g5 h5 44. Kc3 Kd5 45. Nd4 Ng4 46. f5 gxf5 47. Nxf5 Ke5 48. Ng3 Nxe3 49. Nxh5 Nf5 50. Nf6 Nxh4 51. Kc4 a4 52. Kb4 1/2-1/2

[Event "Sofia MGU rapid 6th"]
[Site "Sofia"]
[Date "2017.12.09"]
[Round "6"]
[White "Vassilev, Martin"]
[Black "Babatov, Martin"]
[Result "0-1"]
[WhiteElo "1779"]
[BlackElo "1619"]
[PlyCount "140"]
[EventDate "2017.12.09"]
[EventType "swiss (rapid)"]
[EventRounds "6"]
[EventCountry "BUL"]
[SourceTitle "CBM 182 Extra"]
[Source "ChessBase"]
[SourceDate "2018.02.23"]
[SourceVersion "1"]
[SourceVersionDate "2018.02.23"]
[SourceQuality "1"]

1. e4 c6 2. d3 d5 3. Nd2 dxe4 4. dxe4 Nd7 5. g3 Ngf6 6. Bg2 e5 7. Ngf3 Qc7 8. 0-0 b5 9. Re1 Be7 10. Nh4 Nb6 11. Nf5 0-0 12. Nxe7+ Qxe7 13. Nb3 Rd8 14. Qe2 Be6 15. Be3 Nc4 16. c3 Nxe3 17. Qxe3 a6 18. h3 Rd6 19. f4 exf4 20. gxf4 Bxb3 21. axb3 Re6 22. e5 Ne8 23. f5 Rh6 24. Rad1 Rd8 25. Qg3 Qc7 26. Kh2 c5 27. Bd5 Kf8 28. Rf1 f6 29. e6 Qxg3+ 30. Kxg3 Rd6 31. Bb7 Ke7 32. Kg4 a5 33. c4 bxc4 34. bxc4 g5 35. Bd5 Rh4+ 36. Kg3 Rb6 37. Bf3 Nd6 38. Bg4 Rb3+ 39. Rf3 Rxb2 40. Rxd6 Kxd6 41. Rd3+ Ke7 42. Rd7+ Ke8 43. Rc7 h5 44. Rc8+ Ke7 45. Rc7+ Kd8 46. e7+ Ke8 47. Bf3 Rb3 48. Rxc5 Rf4 49. Rc8+ Kxe7 50. Rc7+ Kd6 51. Rc6+ Kd7 52. Rxf6 Rbxf3+ 53. Kg2 Rf2+ 54. Kg1 Rc2 55. Rf7+ Ke8 56. Rh7 h4 57. Rh8+ Kf7 58. Rh7+ Kf6 59. Ra7 Rxf5 60. Ra6+ Ke7 61. Ra7+ Kd6 62. Ra6+ Kc7 63. Re6 Rxc4 64. Re7+ Kd6 65. Ra7 Rc2 66. Ra6+ Kc7 67. Ra7+ Kb6 68. Re7 Rb5 69. Re6+ Kc7 70. Re1 Rbb2 0-1

[Event "Sofia MGU op 188th"]
[Site "Sofia"]
[Date "2017.07.16"]
[Round "4"]
[White "Vassilev, Martin"]
[Black "Nikolov, Petko"]
[Result "1/2-1/2"]
[WhiteElo "2040"]
[BlackElo "1867"]
[PlyCount "104"]
[EventDate "2017.07.15"]
[EventType "swiss"]
[EventRounds "6"]
[EventCountry "BUL"]
[SourceTitle "CBM 179 Extra"]
[Source "ChessBase"]
[SourceDate "2017.08.23"]
[SourceVersion "1"]
[SourceVersionDate "2017.08.23"]
[SourceQuality "1"]

1. e4 d5 2. exd5 Qxd5 3. Nc3 Qd8 4. d4 Nf6 5. h3 e6 6. Nf3 Be7 7. Bc4 Nbd7 8. 0-0 0-0 9. Qe2 Nb6 10. Bb3 Nbd5 11. Nxd5 exd5 12. Ne5 Ne4 13. Bf4 c6 14. Rad1 Bd6 15. c4 Be6 16. cxd5 cxd5 17. Nd3 Re8 18. Bxd6 Qxd6 19. Qf3 Re7 20. Qf4 Qxf4 21. Nxf4 Nf6 22. Rc1 Rd8 23. Rfe1 Kf8 24. f3 Bf5 25. Rxe7 Kxe7 26. Rc7+ Rd7 27. Nxd5+ Nxd5 28. Rxd7+ Bxd7 29. Bxd5 b6 30. Kf2 f6 31. h4 Kd6 32. Bb3 Bf5 33. Ke3 h6 34. Kf4 Bd7 35. Bc4 Ke7 36. b4 Kd6 37. Ke4 Bc8 38. Bf7 Bd7 39. d5 Ba4 40. Kd4 Bb5 41. g3 Be2 42. f4 Bf3 43. Be6 Bg2 44. g4 Bf3 45. g5 hxg5 46. hxg5 Bg2 47. a4 Bf3 48. a5 Bg2 49. axb6 axb6 50. gxf6 gxf6 51. Kc4 Bf1+ 52. Kd4 Bg2 1/2-1/2

[Event "Sofia MGU rap 3rd"]
[Site "Sofia"]
[Date "2017.03.26"]
[Round "3"]
[White "Vassilev, Martin"]
[Black "Babatov, Martin"]
[Result "1/2-1/2"]
[WhiteElo "1767"]
[BlackElo "1632"]
[PlyCount "94"]
[EventDate "2017.03.26"]
[EventType "swiss (rapid)"]
[EventRounds "6"]
[EventCountry "BUL"]
[SourceTitle "CBM 177 Extra"]
[Source "ChessBase"]
[SourceDate "2017.04.27"]
[SourceVersion "1"]
[SourceVersionDate "2017.04.27"]
[SourceQuality "1"]

1. e4 c6 2. d3 d5 3. Nd2 dxe4 4. dxe4 Nf6 5. Ngf3 Bg4 6. h3 Bxf3 7. Qxf3 e6 8. Nc4 Nbd7 9. Bg5 Qc7 10. Bf4 e5 11. Bg5 Be7 12. Be2 Nb6 13. 0-0-0 Nxc4 14. Bxc4 b5 15. Be2 a5 16. Bxf6 Bxf6 17. Qc3 b4 18. Qc4 0-0 19. h4 Rad8 20. g3 Rxd1+ 21. Rxd1 Rd8 22. Rxd8+ Bxd8 23. Qb3 Qd6 24. Bc4 Qf6 25. Qe3 Qh6 26. Qxh6 gxh6 27. Kd2 Bb6 28. Ke2 Kg7 29. f4 exf4 30. gxf4 Kg6 31. Kf3 f6 32. Kg4 h5+ 33. Kf3 a4 34. Be6 Bd4 35. b3 axb3 36. axb3 c5 37. Bd5 Bc3 38. Kg3 Be1+ 39. Kh3 Bf2 40. Be6 Bd4 41. Kg3 Bc3 42. Bd5 Kg7 43. Be6 Kg6 44. Bf5+ Kg7 45. Be6 Kg6 46. Bf5+ Kg7 47. Be6 Kf8 1/2-1/2

[Event "SRB Central-ch op-A 8th"]
[Site "Paracin"]
[Date "2015.07.08"]
[Round "7"]
[White "Vassilev, Martin"]
[Black "Konstantinov, Aleksandar1111"]
[Result "1/2-1/2"]
[WhiteElo "2030"]
[BlackElo "2046"]
[PlyCount "71"]
[EventDate "2015.07.03"]
[EventType "swiss"]
[EventRounds "9"]
[EventCountry "SRB"]
[SourceTitle "CBM 167 Extra"]
[Source "ChessBase"]
[SourceDate "2015.09.14"]
[SourceVersion "1"]
[SourceVersionDate "2015.09.14"]
[SourceQuality "1"]

1. d4 f5 2. Nf3 Nf6 3. h3 d6 4. Bf4 g6 5. e3 Bg7 6. c4 0-0 7. Nc3 e6 8. Qb3 Qe7 9. Be2 Kh8 10. 0-0-0 Ne4 11. Nxe4 fxe4 12. Nd2 e5 13. dxe5 Bxe5 14. Bxe5+ Qxe5 15. Rhf1 Nd7 16. Qc2 Re8 17. Nb3 Nf6 18. Nd4 Bd7 19. Qb3 Rab8 20. Nb5 Bxb5 21. Qxb5 a6 22. Qb3 b5 23. cxb5 axb5 24. g4 d5 25. h4 c5 26. g5 c4 27. Qc3 Nd7 28. Rxd5 Qxc3+ 29. bxc3 Ne5 30. h5 Nd3+ 31. Bxd3 cxd3 32. hxg6 hxg6 33. Rh1+ Kg8 34. Rh6 Rb6 35. Rd7 Rc8 36. Rhh7 1/2-1/2

[Event "SRB Central-ch op-A 8th"]
[Site "Paracin"]
[Date "2015.07.07"]
[Round "6"]
[White "Tscharotschkin, Michael"]
[Black "Vassilev, Martin"]
[Result "1-0"]
[WhiteElo "2182"]
[BlackElo "2030"]
[PlyCount "107"]
[EventDate "2015.07.03"]
[EventType "swiss"]
[EventRounds "9"]
[EventCountry "SRB"]
[SourceTitle "CBM 167 Extra"]
[Source "ChessBase"]
[SourceDate "2015.09.14"]
[SourceVersion "1"]
[SourceVersionDate "2015.09.14"]
[SourceQuality "1"]

1. d4 Nf6 2. Nf3 g6 3. Bf4 d5 4. e3 Bg7 5. Bd3 0-0 6. 0-0 Nh5 7. c3 Nxf4 8. exf4 Qd6 9. g3 c5 10. dxc5 Qxc5 11. Nbd2 Nc6 12. Nb3 Qd6 13. Be2 Bg4 14. Re1 Rfd8 15. Nfd4 Bxe2 16. Rxe2 Nxd4 17. Nxd4 e6 18. Qd3 Qb6 19. Rd1 Rac8 20. Red2 h5 21. Nf3 Qc7 22. Qe3 Qc5 23. Ng5 b5 24. a3 a5 25. Nf3 Rd7 26. Nd4 Rb7 27. Rd3 Bxd4 28. Rxd4 Qb6 29. f5 exf5 30. Qf3 Re8 31. Rxd5 Rbe7 32. Rd6 Qc7 33. Qd5 Re5 34. Rxg6+ Kh7 35. Qc6 Re1+ 36. Rxe1 Rxe1+ 37. Kg2 Qxc6+ 38. Rxc6 Re5 39. b4 axb4 40. axb4 Kg7 41. Kf3 f6 42. h4 Kf7 43. Kf4 Ke7 44. f3 Rd5 45. Rc5 Rd3 46. Rxf5 Rxc3 47. Rxb5 Ke6 48. Rc5 Rb3 49. Rc6+ Kf7 50. Rb6 Kg7 51. g4 hxg4 52. Kxg4 Kg6 53. h5+ Kg7 54. f4 1-0

[Event "SRB Central-ch op-A 8th"]
[Site "Paracin"]
[Date "2015.07.04"]
[Round "2"]
[White "Vassilev, Martin"]
[Black "Gajic, Mladen"]
[Result "0-1"]
[WhiteElo "2030"]
[BlackElo "2227"]
[PlyCount "82"]
[EventDate "2015.07.03"]
[EventType "swiss"]
[EventRounds "9"]
[EventCountry "SRB"]
[SourceTitle "CBM 167 Extra"]
[Source "ChessBase"]
[SourceDate "2015.09.14"]
[SourceVersion "1"]
[SourceVersionDate "2015.09.14"]
[SourceQuality "1"]

1. e4 Nc6 2. Nf3 d6 3. d4 Nf6 4. Nc3 g6 5. Bc4 Bg7 6. h3 0-0 7. Qe2 Nd7 8. Be3 Nb6 9. Bb3 Na5 10. g4 c6 11. Nd2 Nxb3 12. axb3 f5 13. gxf5 gxf5 14. Bg5 fxe4 15. Ndxe4 Bf5 16. Rg1 Bg6 17. Qe3 Qd7 18. h4 Qe6 19. Bh6 Rf7 20. Bxg7 Rxg7 21. 0-0-0 Nd5 22. Nxd5 cxd5 23. Ng5 Qxe3+ 24. fxe3 Rc8 25. c3 Bf5 26. Kd2 Rf8 27. Rdf1 h6 28. Nf3 Rxg1 29. Nxg1 Bg4 30. Rxf8+ Kxf8 31. Ne2 Bxe2 32. Kxe2 Kf7 33. Kf3 Kf6 34. Kg4 b5 35. b4 e5 36. Kh5 Kg7 37. Kg4 Kg6 38. Kg3 Kf5 39. Kf3 a6 40. b3 h5 41. c4 e4+ 0-1

[Event "SRB Central-ch op-A 8th"]
[Site "Paracin"]
[Date "2015.07.03"]
[Round "1"]
[White "Petrov, Martin"]
[Black "Vassilev, Martin"]
[Result "1-0"]
[WhiteElo "2276"]
[BlackElo "2030"]
[PlyCount "101"]
[EventDate "2015.07.03"]
[EventType "swiss"]
[EventRounds "9"]
[EventCountry "SRB"]
[SourceTitle "CBM 167 Extra"]
[Source "ChessBase"]
[SourceDate "2015.09.14"]
[SourceVersion "1"]
[SourceVersionDate "2015.09.14"]
[SourceQuality "1"]

1. b3 e5 2. Bb2 d6 3. e4 Nf6 4. Nc3 Be6 5. Nf3 h6 6. d4 exd4 7. Nxd4 Bd7 8. Bc4 Nc6 9. 0-0 Be7 10. Nd5 Ne5 11. Be2 Nxd5 12. exd5 Bf6 13. f4 Ng6 14. Bd3 Ne7 15. Qf3 c5 16. dxc6 Nxc6 17. Rae1+ Kf8 18. Qd5 Be8 19. Bc4 Nxd4 20. Bxd4 Bxd4+ 21. Qxd4 Qb6 22. Qxb6 axb6 23. a4 Bc6 24. Rd1 Rd8 25. Rfe1 d5 26. Rd4 g6 27. Bd3 Kg7 28. Rb4 Rhe8 29. Rxe8 Rxe8 30. Kf2 Kf6 31. Rxb6 Ke7 32. a5 Kd7 33. f5 gxf5 34. b4 Kc7 35. b5 Bd7 36. Rxh6 Be6 37. Ke3 Kd6 38. a6 bxa6 39. bxa6 Kc5 40. c3 Rd8 41. Rh4 Rg8 42. g3 Bd7 43. Rb4 Rh8 44. a7 Ra8 45. Rb7 Kc6 46. Ba6 Be6 47. h4 Kd6 48. Kd4 Bd7 49. h5 Ke6 50. h6 Bc6 51. h7 1-0

[Event "Skopje Karposh op"]
[Site "Skopje"]
[Date "2015.04.02"]
[Round "8"]
[White "Veleski, Robert"]
[Black "Vassilev, Martin"]
[Result "1-0"]
[WhiteElo "2279"]
[BlackElo "2018"]
[PlyCount "81"]
[EventDate "2015.03.27"]
[EventType "swiss"]
[EventRounds "9"]
[EventCountry "MKD"]
[SourceTitle "CBM 165 Extra"]
[Source "ChessBase"]
[SourceDate "2015.04.21"]
[SourceVersion "1"]
[SourceVersionDate "2015.04.21"]
[SourceQuality "1"]

1. d4 Nf6 2. Nf3 g6 3. g3 Bg7 4. Bg2 0-0 5. 0-0 d5 6. Nbd2 Nbd7 7. Nb3 Ne4 8. Bf4 e6 9. Qc1 c5 10. Nxc5 Ndxc5 11. dxc5 Qe7 12. c4 d4 13. c6 f5 14. cxb7 Bxb7 15. Be5 Rfd8 16. Bxg7 Qxg7 17. Ne1 Rac8 18. Nd3 Ba6 19. b3 Nc3 20. Re1 Rc7 21. Qf4 g5 22. Qe5 Qxe5 23. Nxe5 Ne4 24. Rad1 Nc5 25. Rd2 Ne4 26. Bxe4 fxe4 27. Red1 Rc5 28. Ng4 e5 29. Nf6+ Kg7 30. Nxe4 Rc7 31. Nxg5 Kf6 32. Ne4+ Kf5 33. Nc3 Rf8 34. Nd5 Rcf7 35. f4 Bb7 36. fxe5 Bxd5 37. cxd5 Kxe5 38. Rxd4 Rf2 39. Rf4 R2xf4 40. gxf4+ Rxf4 41. d6 1-0

[Event "Skopje Karposh op"]
[Site "Skopje"]
[Date "2015.03.28"]
[Round "3"]
[White "Vassilev, Martin"]
[Black "Janzelj, Tim"]
[Result "1/2-1/2"]
[WhiteElo "2018"]
[BlackElo "2305"]
[PlyCount "160"]
[EventDate "2015.03.27"]
[EventType "swiss"]
[EventRounds "9"]
[EventCountry "MKD"]
[SourceTitle "CBM 165 Extra"]
[Source "ChessBase"]
[SourceDate "2015.04.21"]
[SourceVersion "1"]
[SourceVersionDate "2015.04.21"]
[SourceQuality "1"]

1. e4 d6 2. d4 g6 3. Nc3 Bg7 4. Nge2 Nd7 5. g3 c5 6. d5 h5 7. h3 a6 8. a4 Rb8 9. a5 b5 10. axb6 Qxb6 11. Bg2 e5 12. Ng1 Bh6 13. b3 Bxc1 14. Qxc1 c4 15. bxc4 Qd4 16. Nge2 Qxc4 17. 0-0 h4 18. Qg5 Rh5 19. Qd2 hxg3 20. Nxg3 Rh4 21. Nd1 Qc7 22. Qg5 Qd8 23. Qxd8+ Kxd8 24. Ne3 Nc5 25. Nc4 Kc7 26. Kh2 Nf6 27. Nd2 Rb2 28. Rfc1 Rh8 29. Rab1 Rxb1 30. Rxb1 Bd7 31. Nc4 Bb5 32. Na3 Ba4 33. Bf1 Rb8 34. Rxb8 Kxb8 35. f3 Kc7 36. Kg2 Ne8 37. Kf2 Kd8 38. Ke3 Ke7 39. h4 Ng7 40. Bh3 Kf6 41. Bf1 Ne8 42. Kd2 Bd7 43. Nc4 g5 44. h5 g4 45. Nb6 Kg5 46. Nxd7 Nxd7 47. fxg4 Nc5 48. Ke3 Nf6 49. Be2 a5 50. h6 a4 51. Nf5 a3 52. Bc4 Nb7 53. Kf3 Kg6 54. c3 Nh7 55. Ke3 Nf6 56. Kf3 Nh7 57. Ke3 Ng5 58. Ba2 f6 59. Bc4 Nf7 60. Kf3 Nxh6 61. Ne3 Kg5 62. Nc2 Nxg4 63. Nxa3 f5 64. exf5 Nf6 65. Nc2 Kxf5 66. Ne3+ Kg5 67. Ba2 e4+ 68. Ke2 Kf4 69. Ng2+ Ke5 70. Ne3 Kf4 71. Ng2+ Kg3 72. Ne3 Nh5 73. Bb1 Nf4+ 74. Kd2 Kf3 75. Nf5 Nxd5 76. Bxe4+ Kxe4 77. Nxd6+ Nxd6 78. c4 Nc7 79. c5 Nc4+ 80. Kc3 Kd5 1/2-1/2

[Event "EU-ch U12 24th"]
[Site "Batumi"]
[Date "2014.10.22"]
[Round "4"]
[White "Vassilev, Martin"]
[Black "Kozak, Adam"]
[Result "0-1"]
[WhiteElo "1998"]
[BlackElo "2315"]
[PlyCount "40"]
[EventDate "2014.10.19"]
[EventType "swiss"]
[EventRounds "9"]
[EventCountry "GEO"]
[SourceTitle "EXT 2016"]
[Source "ChessBase"]
[SourceDate "2015.10.08"]
[SourceVersion "1"]
[SourceVersionDate "2015.10.08"]
[SourceQuality "1"]

1. e4 c5 2. Nf3 d6 3. Bb5+ Nc6 4. 0-0 Bd7 5. Re1 Nf6 6. c3 a6 7. Bf1 Bg4 8. d3 e6 9. Nbd2 Be7 10. h3 Bh5 11. b3 0-0 12. Bb2 d5 13. g4 Bg6 14. Nh4 Qc7 15. Nxg6 hxg6 16. Bg2 Rad8 17. Qe2 dxe4 18. dxe4 Ne5 19. Nf1 Nd3 20. Red1 Nf4 0-1

[Event "Karl Mala Memorial op-A 17th"]
[Site "Frankfurt"]
[Date "2014.08.01"]
[Round "3"]
[White "Held, Carsten"]
[Black "Vassilev, Martin"]
[Result "0-1"]
[WhiteElo "2061"]
[BlackElo "1867"]
[PlyCount "80"]
[EventDate "2014.07.31"]
[EventType "swiss"]
[EventRounds "7"]
[EventCountry "GER"]
[SourceTitle "EXT 2015"]
[Source "ChessBase"]
[SourceDate "2014.11.20"]
[SourceVersion "1"]
[SourceVersionDate "2014.11.20"]
[SourceQuality "1"]

1. Nf3 Nf6 2. c4 g6 3. g3 Bg7 4. Bg2 0-0 5. 0-0 Re8 6. Nc3 e5 7. d3 d6 8. Bg5 h6 9. Bxf6 Bxf6 10. Rb1 a5 11. a3 c6 12. b4 Be6 13. Qd2 Bg7 14. Rfc1 axb4 15. axb4 Nd7 16. Qc2 Qc7 17. Nd2 Rec8 18. Na4 Nb6 19. Nxb6 Qxb6 20. c5 Qd8 21. cxd6 Qxd6 22. Ne4 Qe7 23. Qc5 Qd7 24. Qe3 f5 25. Nc5 Qe7 26. Nxe6 Qxe6 27. Rc5 Qd6 28. b5 Rc7 29. Qc1 Bf8 30. Qc4+ Kg7 31. Rc1 Qxc5 32. Qxc5 Bxc5 33. Rxc5 Ra1+ 34. Bf1 Kf6 35. f4 exf4 36. gxf4 b6 37. Rc2 c5 38. e4 Rb1 39. e5+ Ke6 40. Kf2 Rd7 0-1

[Event "Karl Mala Memorial op-A 17th"]
[Site "Frankfurt"]
[Date "2014.08.01"]
[Round "2"]
[White "Vassilev, Martin"]
[Black "Mosig, Rainer"]
[Result "1-0"]
[WhiteElo "1867"]
[BlackElo "1898"]
[PlyCount "73"]
[EventDate "2014.07.31"]
[EventType "swiss"]
[EventRounds "7"]
[EventCountry "GER"]
[SourceTitle "EXT 2015"]
[Source "ChessBase"]
[SourceDate "2014.11.20"]
[SourceVersion "1"]
[SourceVersionDate "2014.11.20"]
[SourceQuality "1"]

1. d4 Nf6 2. c4 g6 3. Nc3 Bg7 4. Nf3 0-0 5. Bg5 h6 6. Bh4 d6 7. e3 g5 8. Bg3 Bf5 9. Bd3 Bxd3 10. Qxd3 Nh5 11. h4 Nxg3 12. fxg3 g4 13. Nd2 Nc6 14. a3 e5 15. d5 Ne7 16. 0-0-0 a6 17. Rhf1 Qd7 18. Rf2 Rab8 19. Rdf1 b5 20. cxb5 axb5 21. Na2 c6 22. dxc6 Nxc6 23. Ne4 Qe6 24. Nac3 f5 25. Qxd6 Qc4 26. Nd2 Qf7 27. Qxc6 Rfc8 28. Qd6 b4 29. Rxf5 Qa7 30. Qe6+ Kh8 31. axb4 Qxe3 32. Rf7 Rd8 33. Rd7 Rbc8 34. Rff7 Rxd7 35. Qxd7 Rg8 36. Nce4 Ra8 37. Rxg7 1-0

[Event "SRB Central-ch op-B 7th"]
[Site "Paracin"]
[Date "2014.07.09"]
[Round "7"]
[White "Milosevic, Jovana"]
[Black "Vassilev, Martin"]
[Result "1-0"]
[WhiteElo "1990"]
[BlackElo "1867"]
[PlyCount "65"]
[EventDate "2014.07.04"]
[EventType "swiss"]
[EventRounds "9"]
[EventCountry "SRB"]
[SourceTitle "CBM 161 Extra"]
[Source "ChessBase"]
[SourceDate "2014.08.29"]
[SourceVersion "1"]
[SourceVersionDate "2014.08.29"]
[SourceQuality "1"]

1. Nf3 Nf6 2. c4 g6 3. Nc3 d5 4. cxd5 Nxd5 5. Nxd5 Qxd5 6. g3 Bg7 7. Bg2 Qh5 8. 0-0 0-0 9. d3 Nc6 10. Qa4 Bh3 11. Be3 Bxg2 12. Kxg2 Qd5 13. Rac1 Rfc8 14. Rc5 Qd7 15. Rfc1 a6 16. b4 e6 17. a3 Bf8 18. R5c3 Bd6 19. Qb3 Ne5 20. Ng5 c6 21. Ne4 Be7 22. h3 Qd8 23. Nc5 b5 24. Nb7 Qd7 25. Na5 Bd8 26. f4 Bxa5 27. bxa5 Qc7 28. fxe5 Qxe5 29. d4 Qe4+ 30. Kh2 Rc7 31. Rc5 f6 32. Rf1 g5 33. Rxf6 1-0

[Event "EU School-ch U11"]
[Site "Kallithea"]
[Date "2012.06.18"]
[Round "7"]
[White "Samsonov, Nikita"]
[Black "Vassilev, Martin"]
[Result "0-1"]
[WhiteElo "1845"]
[BlackElo "1578"]
[PlyCount "64"]
[EventDate "2012.06.13"]
[EventType "swiss"]
[EventRounds "9"]
[EventCountry "GRE"]
[SourceTitle "EXT 2024"]
[Source "ChessBase"]
[SourceDate "2023.10.10"]
[SourceVersion "1"]
[SourceVersionDate "2023.10.10"]
[SourceQuality "1"]

1. e4 e5 2. Nf3 d6 3. d4 exd4 4. Nxd4 Nf6 5. Nc3 Be7 6. Be2 0-0 7. Be3 Bd7 8. 0-0 Re8 9. f4 Bf8 10. Bf3 Nc6 11. h3 Nxd4 12. Bxd4 c5 13. Bf2 a6 14. Nd5 Nxd5 15. exd5 Bb5 16. Re1 Qf6 17. Rxe8 Rxe8 18. g3 b6 19. b3 Bd7 20. Bg2 Qc3 21. Rc1 g6 22. Kh2 Bg7 23. Be1 Qd4 24. Bd2 Qf2 25. Be1 Qe2 26. Qxe2 Rxe2 27. Kh1 Bf5 28. g4 Rxc2 29. Rxc2 Bxc2 30. b4 Kf8 31. Kg1 Bd4+ 32. Kf1 Bd3# 0-1